000
00250nam a2200109Ia 4500
008
220204s9999 xx 000 0 und d
082
_a
82-3
_b
INN
100
_a
Innes
245
0
_a
Maddon's rock
260
_a
Great Britain
_b
Fontana
_c
1976
942
_c
BK
999
_c
29381
_d
29381